000 01072cam a22003377a 4500
003 CHAP
005 20220817041807.0
008 971013s1972 r 00010 d
010 _a24648
011 _a25620
035 _a29720
040 _cCHAP
082 _a614.565
_bC6 1970
110 _aComité Mixto FAO/OMS de Expertos en Brucelosis
_925894
245 0 _aQuinto informe
260 _aRoma :
_bFAO,
_c1972
300 _a100 p.
490 0 _aFAO. Estudios agropecuarios
_v; 85
590 _aBATCH-UPD
_b10
_c20130110
_lUCH01
_h1448
590 _aBATCH-UPD
_b10
_c20130410
_lUCH01
_h0916
590 _aBATCH-UPD
_b10
_c20130914
_lUCH01
_h0753
590 _aCONVERSION
_b10
_c20130109
_lUCH01
_h1314
650 1 4 _aBrucelosis.
_915734
710 0 _aFAO.
710 0 _aOrganización Mundial de la Salud.
_983555
830 0 _aFAO. Estudios agropecuarios
_v; 85
_939546
901 _aBK
942 _cLIBRO
949 _a614.565 C6 1970
_bBC
_cFAO
_d-68699
_eFAO1
_h34005
_i29720
_si
_t15.00
949 _a614.565 C6 1970
_bBC
_cFAO
_d-68700
_eFAO2
_fc.2
_h29499
_i29720
_si
_t15.00
999 _c24648
_d24648